Handbook on Gypsum and Gypsum based Products (Record no. 203922)

MARC details
000 -LEADER
fixed length control field 00773nam a22001937a 4500
005 - DATE AND TIME OF LATEST TRANSACTION
control field 20240703163656.0
010 ## - LCCN (DPL NO)
LC control number ENG-140743
020 ## - INTERNATIONAL STANDARD BOOK NUMBER
Terms of availability 2275.00
International Standard Book Number 9788194737919
035 ## - SYSTEM CONTROL NUMBER
System control number EN-124275
037 ## - SOURCE OF ACQUISITION
Source of stock number/acquisition DBAD
082 ## - DEWEY DECIMAL CLASSIFICATION NUMBER
Classification number 666.5
100 ## - MAIN ENTRY--PERSONAL NAME
Personal name Tripathi, P.K.
245 ## - TITLE STATEMENT
Title Handbook on Gypsum and Gypsum based Products
Remainder of title (Mining, Processing, Transportation, Handling & Storage, Gypsum Board, Plaster of paris with Machinery & Equipment Details)
250 ## - EDITION STATEMENT
Edition statement First
260 ## - PUBLICATION, DISTRIBUTION, ETC. (IMPRINT)
Place of publication, distribution, etc Delhi
Name of publisher, distributor, etc NIIR PROJECT CONSULTANCY SERVICES
Date of publication, distribution, etc 2022
270 ## - ADDRESS
Address 106-E, Kamla Nagar,
City Delhi
Postal code 110007
Telephone number +911123843955
-- +911123845886
-- +911123845654
Fax number +911123845886
Electronic mail address info@niir.org
-- npcs.india@gmail.com
300 ## - PHYSICAL DESCRIPTION
Extent xxi, 344p.
Dimensions 21cm (pb)
942 ## - ADDED ENTRY ELEMENTS (KOHA)
Source of classification or shelving scheme Dewey Decimal Classification
Item type English Books
Classification part 666.8
Call number suffix TRI
Holdings
Withdrawn status Lost status Not for loan Collection code Home library Current library Date acquired Source of acquisition Cost, normal purchase price Full call number Barcode Copy number Cost, replacement price Koha item type
    Not For Loan Non-fiction D.B.Act.Division D.B.Act.Division 03/07/2024 DBAD 2275.00 666.8 TRI EN-124275 1 2275.00 English Books

© Delhi Public Library
Hit Counter
free hit counter